El sistema nervioso /

Guardado en:
Autor Corporativo: TVQ.
Formato: Deslizar
Series:Educable
Materias:
Etiquetas: Agregar Etiqueta
Sin Etiquetas, Sea el primero en etiquetar este registro!
LEADER 00953ngm a22002895g 4500
001 CEM.cems022536
008 130507b2001##################0###0#####d
005 20241106151402.0
245 1 0 |a El sistema nervioso /  |c TVQ. 
300 |a 15'. 
490 0 |a Educable 
500 |a En soporte VHS, consultar en ventanilla. 
505 0 |a Las células nerviosas del cerebro. Impulsos eléctricos. Los nervios que transmiten información a las células musculares. los reflejos. 
538 |a Soporte: VHS - Norma: Pal N - Color: Si - Grabación DRD 2001 - Hitachi=3380 
110 2 |a TVQ. 
082 6 1 |/ SAM 
653 |a SISTEMA NERVIOSO 
653 |a BIOLOGIA 
653 |a ANATOMIA HUMANA 
653 |a CUERPO HUMANO 
653 |a REFLEJOS 
653 |a CEREBRO 
653 |a NERVIOS 
653 |a CELULAS NERVIOSOS 
653 |a NIVEL PRIMARIO 
653 |a NIVEL SECUNDARIO 
859 |a CEMS  |b BIB. CEMS - Depto. Recursos Didacticos  |h 612  |i SAM  |k DRD  |p 1179.12  |t Ej.1